| 000 | 00579nam a22001937a 4500 | ||
|---|---|---|---|
| 005 | 20140908103947.0 | ||
| 010 | _aENG-110766 | ||
| 020 |
_a9788183875783 _c695.00 |
||
| 035 | _aEN-94298 | ||
| 037 | _bDBAD/PUB | ||
| 082 | _a341.480954 | ||
| 100 | _aPal, Jagat | ||
| 245 |
_aHuman rights in justice / _c by Jagat Pal |
||
| 260 |
_aNew Delhi _bSerials Publications _c2013 |
||
| 270 |
_a4830/24, Prahlad street, Ansari Road, Darya Ganj _bNew Delhi _e110002 |
||
| 300 |
_aviii,191p. _c22cm(Hb) |
||
| 500 | _aIncludes index | ||
| 942 |
_2ddc _cEN _h341.480954 _mPAL |
||
| 999 |
_c88365 _d88365 |
||